| 000 | 00567nam a2200181Ia 4500 | ||
|---|---|---|---|
| 003 | OSt | ||
| 005 | 20260331133507.0 | ||
| 008 | 211028s2011 xx 000 0 und d | ||
| 040 | _cAIMIT LIBRARY | ||
| 041 | _aeng | ||
| 082 | _a658.8 BHUK | ||
| 100 |
_aBhushan R E, Keerthi, Shanbhag, Santhosh. _g916018 _96776 |
||
| 245 | _aTo analyze potential and willingness of dealers of building materials to market handrails from carl f in Mangalore / | ||
| 260 |
_bShanbhag, Santhosh _c2011 |
||
| 600 |
_aMarketing _96777 |
||
| 650 |
_aMarketing _96778 |
||
| 942 |
_2ddc _cPRO |
||
| 999 |
_c218351 _d218351 |
||